LEADER 00467nas 2200193zu 450 001 9911061865403321 005 20260208145926.0 011 $a3117-5724 035 $a(CKB)45242892900041 035 $a(EXLCZ)9945242892900041 100 $a20260208cuuuuuuuu || | 101 0 $aeng 135 $aur||||||||||| 200 00$aThoracic Radiology 210 $cElsevier 906 $aJOURNAL 912 $a9911061865403321 996 $aThoracic Radiology$92268976 997 $aUNINA